Fundamental duties (Record no. 172036)

MARC details
000 -LEADER
fixed length control field 00674nam a2200229Ia 4500
003 - CONTROL NUMBER IDENTIFIER
control field OSt
005 - DATE AND TIME OF LATEST TRANSACTION
control field 20250814113934.0
008 - FIXED-LENGTH DATA ELEMENTS--GENERAL INFORMATION
fixed length control field 210423s1990 xx 000 0 und d
040 ## - CATALOGING SOURCE
Transcribing agency AL
041 ## - LANGUAGE CODE
Language code of text/sound track or separate title English
082 ## - DEWEY DECIMAL CLASSIFICATION NUMBER
Classification number 323
Item number MORF
100 ## - MAIN ENTRY--PERSONAL NAME
Personal name Mahabaleshwar N Morje
9 (RLIN) 103568
245 ## - TITLE STATEMENT
Title Fundamental duties
Remainder of title : the foundation of human dignity and national character
260 ## - PUBLICATION, DISTRIBUTION, ETC.
Place of publication, distribution, etc. Kottaym
Name of publisher, distributor, etc. Oxford University Press
Date of publication, distribution, etc. 1990
300 ## - PHYSICAL DESCRIPTION
Extent 88p.
Other physical details HB
Dimensions 22x14.2cm.
365 ## - TRADE PRICE
Price amount 25
Currency code INR
650 ## - SUBJECT ADDED ENTRY--TOPICAL TERM
Topical term or geographic name entry element Civil & Political Rights
9 (RLIN) 103569
650 ## - SUBJECT ADDED ENTRY--TOPICAL TERM
Topical term or geographic name entry element Political Science
9 (RLIN) 103570
700 ## - ADDED ENTRY--PERSONAL NAME
Personal name Patel, Shri Rajni
9 (RLIN) 235508
906 ## - LOCAL DATA ELEMENT F, LDF (RLIN)
a duties ; Fundamental
942 ## - ADDED ENTRY ELEMENTS (KOHA)
Source of classification or shelving scheme Dewey Decimal Classification
Koha item type Book
Holdings
Withdrawn status Lost status Damaged status Not for loan Collection code Home library Current library Date acquired Cost, normal purchase price Total Checkouts Full call number Barcode Date last seen Price effective from Koha item type
        MSW St Aloysius PG Library St Aloysius PG Library 11/06/2001 25.00   323 MORF PG018573 08/24/2022 04/26/2021 Book